Obras completas

Sábháilte in:
Sonraí bibleagrafaíochta
Formáid: LEABHAR
Teanga:Spáinnis
Foilsithe / Cruthaithe: Madrid Alianza 1983
Ábhair:
Clibeanna: Cuir clib leis
Níl clibeanna ann, Bí ar an gcéad duine le clib a chur leis an taifead seo!

MARC

LEADER 00000nam a2200000 a 4500
001 UCX4181
003 CL-VaPUC
008 920323e19830000SP |||||||||||||||||spa|d
082 0 4 |a 196.1  |b ORT  |2 21 
245 1 0 |a Obras completas 
300 |a 12 v 
942 |c BK 
945 |d 19920323 00:00:00 
260 |a Madrid  |b Alianza  |c 1983 
650 0 |a Filosofía española   |9 254895 
650 7 |a FILOSOFIA POLITICA  |2 CL-VaPUC  |9 320306 
583 |a last modification  |c 20160913 11:29:46  |k Rodrigo Vera 
999 |c 224723  |d 224721 
952 |0 0  |1 0  |4 0  |6 196_100000000000000_ORT_1983  |7 0  |8 A  |9 221609  |a BIBEDU  |b BIBEDU  |d 2019-11-15  |h v.1  |i 2904233  |o 196.1 ORT 1983  |p 2904233  |r 2019-11-15  |w 2019-11-15  |y BK  |k FIL 
952 |0 0  |1 0  |4 0  |6 196_100000000000000_ORT_1983  |7 0  |8 A  |9 221610  |a BIBEDU  |b BIBEDU  |d 2019-11-15  |h v.2  |i 2904241  |o 196.1 ORT 1983  |p 2904241  |r 2019-11-15  |w 2019-11-15  |y BK  |k FIL 
952 |0 0  |1 0  |4 0  |6 196_100000000000000_ORT_1983  |7 0  |8 A  |9 221611  |a BIBEDU  |b BIBEDU  |d 2019-11-15  |h v.3  |i 290425K  |o 196.1 ORT 1983  |p 290425K  |r 2019-11-15  |w 2019-11-15  |y BK  |k FIL 
952 |0 0  |1 0  |4 0  |6 196_100000000000000_ORT_1983  |7 0  |8 A  |9 221612  |a BIBEDU  |b BIBEDU  |d 2019-11-15  |h v.4  |i 2904268  |o 196.1 ORT 1983  |p 2904268  |r 2019-11-15  |w 2019-11-15  |y BK  |k FIL 
952 |0 0  |1 0  |4 0  |6 196_100000000000000_ORT_1983  |7 0  |8 A  |9 221614  |a BIBEDU  |b BIBEDU  |d 2019-11-15  |h v.6  |i 2904284  |o 196.1 ORT 1983  |p 2904284  |r 2019-11-15  |w 2019-11-15  |y BK  |k FIL 
952 |0 0  |1 0  |4 0  |6 196_100000000000000_ORT_1983  |7 0  |8 A  |9 221615  |a BIBEDU  |b BIBEDU  |d 2019-11-15  |h v.7  |i 2904292  |l 5  |m 2  |o 196.1 ORT 1983  |p 2904292  |r 2023-03-23  |s 2023-03-21  |w 2019-11-15  |y BK  |k FIL 
952 |0 0  |1 0  |4 0  |6 196_100000000000000_ORT_1983  |7 0  |8 A  |9 221616  |a BIBEDU  |b BIBEDU  |d 2019-11-15  |h v.8  |i 2904306  |o 196.1 ORT 1983  |p 2904306  |r 2019-11-15  |w 2019-11-15  |y BK  |k FIL 
952 |0 0  |1 0  |4 0  |6 196_100000000000000_ORT_1983  |7 0  |8 A  |9 221617  |a BIBEDU  |b BIBEDU  |d 2019-11-15  |h v.9  |i 2904314  |o 196.1 ORT 1983  |p 2904314  |r 2019-11-15  |w 2019-11-15  |y BK  |k FIL 
952 |0 0  |1 0  |4 0  |6 196_100000000000000_ORT_1983  |7 0  |8 A  |9 221618  |a BIBEDU  |b BIBEDU  |d 2019-11-15  |h v.10  |i 2904322  |o 196.1 ORT 1983  |p 2904322  |r 2019-11-15  |w 2019-11-15  |y BK  |k FIL 
952 |0 0  |1 0  |4 0  |6 196_100000000000000_ORT_1983  |7 0  |8 A  |9 221619  |a BIBEDU  |b BIBEDU  |d 2019-11-15  |h v.11  |i 2904330  |o 196.1 ORT 1983  |p 2904330  |r 2019-11-15  |w 2019-11-15  |y BK  |k FIL 
952 |0 0  |1 0  |4 0  |6 196_100000000000000_ORT_1983  |7 0  |8 A  |9 221620  |a BIBEDU  |b BIBEDU  |d 2019-11-15  |h v.12  |i 2904349  |o 196.1 ORT 1983  |p 2904349  |r 2019-11-15  |w 2019-11-15  |y BK  |k FIL 
952 |0 0  |1 0  |4 0  |6 196_100000000000000_ORT_1983  |7 0  |8 A  |9 221621  |a BIBEDU  |b BIBEDU  |d 2019-11-15  |h v.1  |i 1561669  |l 1  |o 196.1 ORT 1983  |p 1561669  |r 2023-06-28  |s 2023-06-28  |w 2019-11-15  |y BK  |k FIL 
952 |0 0  |1 0  |4 0  |6 196_100000000000000_ORT_1983  |7 0  |8 A  |9 221622  |a BIBEDU  |b BIBEDU  |d 2019-11-15  |h v.3  |i 1561685  |o 196.1 ORT 1983  |p 1561685  |r 2019-11-15  |w 2019-11-15  |y BK  |k FIL 
952 |0 0  |1 0  |4 0  |6 196_100000000000000_ORT_1983  |7 0  |8 A  |9 221623  |a BIBEDU  |b BIBEDU  |d 2019-11-15  |h v.4  |i 1561693  |o 196.1 ORT 1983  |p 1561693  |r 2019-11-15  |w 2019-11-15  |y BK  |k FIL 
952 |0 0  |1 0  |4 0  |6 196_100000000000000_ORT_1983  |7 0  |8 A  |9 221624  |a BIBEDU  |b BIBEDU  |d 2019-11-15  |h v.5  |i 1561707  |o 196.1 ORT 1983  |p 1561707  |r 2019-11-15  |w 2019-11-15  |y BK  |k FIL 
952 |0 0  |1 0  |4 0  |6 196_100000000000000_ORT_1983  |7 0  |8 A  |9 221625  |a BIBEDU  |b BIBEDU  |d 2019-11-15  |h v.6  |i 1561715  |o 196.1 ORT 1983  |p 1561715  |r 2019-11-15  |w 2019-11-15  |y BK  |k FIL 
952 |0 0  |1 0  |4 0  |6 196_100000000000000_ORT_1983  |7 0  |8 A  |9 221626  |a BIBEDU  |b BIBEDU  |d 2019-11-15  |h v.7  |i 1561723  |o 196.1 ORT 1983  |p 1561723  |r 2019-11-15  |w 2019-11-15  |y BK  |k FIL 
952 |0 0  |1 0  |4 0  |6 196_100000000000000_ORT_1983  |7 0  |8 A  |9 221628  |a BIBEDU  |b BIBEDU  |d 2019-11-15  |h v.9  |i 156174K  |o 196.1 ORT 1983  |p 156174K  |r 2019-11-15  |w 2019-11-15  |y BK  |k FIL 
952 |0 0  |1 0  |4 0  |6 196_100000000000000_ORT_1983  |7 0  |8 A  |9 221629  |a BIBEDU  |b BIBEDU  |d 2019-11-15  |h v.10  |i 1561758  |o 196.1 ORT 1983  |p 1561758  |r 2019-11-15  |w 2019-11-15  |y BK  |k FIL 
952 |0 0  |1 0  |4 0  |6 196_100000000000000_ORT_1983  |7 0  |8 A  |9 221630  |a BIBEDU  |b BIBEDU  |d 2019-11-15  |h v.11  |i 1561766  |o 196.1 ORT 1983  |p 1561766  |r 2019-11-15  |w 2019-11-15  |y BK  |k FIL 
952 |0 0  |1 0  |4 0  |6 196_100000000000000_ORT_1983  |7 0  |8 A  |9 221631  |a BIBEDU  |b BIBEDU  |d 2019-11-15  |h v.12  |i 1561774  |o 196.1 ORT 1983  |p 1561774  |r 2019-11-15  |w 2019-11-15  |y BK  |k FIL